000 00744cam a22002533a 4500
001 18398
003 PGUSA
005 20140828083406.0
008 060516s2006||||xxu|||||s|||||000 | eng d
040 _aPGUSA
_beng
042 _adc
050 4 _aRC
050 4 _aF1001
100 1 _aPengilly, Mary Huestis
245 1 0 _aDiary Written in the Provincial Lunatic Asylum
_h[electronic resource] /
_cMary Huestis Pengilly
260 _bProject Gutenberg,
_c2006
506 _aPublic domain in the USA.
516 _aElectronic text
653 _aMentally ill -- Care -- New Brunswick
653 _aProvincial Lunatic Asylum (N.B.)
830 0 _aProject Gutenberg
_v18398
856 4 0 _uhttp://www.gutenberg.org/ebooks/18398
942 _cEB
999 _c247653
_d247653